Loading...
| History - European | 0 | 7 | 0 | 0 | 70 | 45 | 79.57 | 5 | 7 | 0.00 | 0.00 |
| History - American | 0 | 7 | 0 | 2 | 70 | 38 | 85.86 | 4 | 6 | 0.00 | 0.00 |
| Other | 0 | 3 | 0 | 0 | 30 | 46 | 64.67 | 2 | 3 | 0.00 | 0.00 |
| Mythology | 0 | 3 | 0 | 1 | 30 | 34 | 93.00 | 1 | 2 | 0.00 | 0.00 |
| History - World | 0 | 4 | 3 | 0 | 25 | 31 | 70.50 | 1 | 4 | 0.00 | 0.00 |
| History - Other | 0 | 3 | 1 | 0 | 25 | 76 | 92.33 | 0 | 2 | 0.00 | 0.00 |
| Literature - American | 0 | 2 | 0 | 0 | 20 | 44 | 50.00 | 2 | 2 | 0.00 | 0.00 |
| Religion | 0 | 2 | 0 | 0 | 20 | 69 | 81.00 | 1 | 2 | 0.00 | 0.00 |
| Social Science | 0 | 2 | 0 | 0 | 20 | 57 | 64.50 | 1 | 2 | 0.00 | 0.00 |
| Fine Arts - Other | 0 | 1 | 0 | 0 | 10 | 27 | 27.00 | 1 | 1 | 0.00 | 0.00 |
| Literature - British | 0 | 1 | 0 | 1 | 10 | 146 | 146.00 | 0 | 1 | 0.00 | 0.00 |
| Science - Other | 0 | 1 | 0 | 0 | 10 | 76 | 76.00 | 0 | 1 | 0.00 | 0.00 |
| Science - Biology | 0 | 1 | 1 | 0 | 5 | 124 | 124.00 | 0 | 1 | 0.00 | 0.00 |
| Literature - European | 0 | 0 | 1 | 0 | -5 | 0.00 | 0 | 0 | 0.00 | 0.00 | |
| Philosophy | 0 | 0 | 1 | 0 | -5 | 0.00 | 0 | 0 | 0.00 | 0.00 |